[Event "Creon op 16th"]
[Site "Creon"]
[Date "2011.08.07"]
[Round "9"]
[White "Song, Julien"]
[Black "Bazart, David"]
[Result "0-1"]
[WhiteElo "2336"]
[BlackElo "2239"]
[PlyCount "54"]
[EventDate "2011.08.01"]
[EventType "swiss"]
[EventRounds "9"]
[EventCountry "FRA"]
[SourceTitle "CBM 143 Extra"]
[Source "ChessBase"]
[SourceDate "2011.08.29"]
[SourceVersion "1"]
[SourceVersionDate "2011.08.29"]
[SourceQuality "1"]

1. d4 d5 2. Nf3 c6 3. c4 e6 4. e3 Bd6 5. Bd3 Nd7 6. 0-0 Ngf6 7. Nbd2 0-0 8. b3 Re8 9. Qc2 e5 10. cxd5 cxd5 11. dxe5 Nxe5 12. Bb2 Bg4 13. Bxe5 Bxe5 14. Rac1 Rc8 15. Qb1 Bc3 16. Bf5 Rc6 17. Bxg4 Nxg4 18. Qf5 Bxd2 19. Rcd1 Nxe3 20. fxe3 Bxe3+ 21. Kh1 d4 22. Ng5 Bxg5 23. Qxf7+ Kh8 24. Rxd4 Qe7 25. Qxe7 Bxe7 26. Rd7 Kg8 27. Rxb7 Bc5 0-1

[Event "Creon op 13th"]
[Site "Creon"]
[Date "2008.08.02"]
[Round "8"]
[White "Bazart, David"]
[Black "Velten, Paul"]
[Result "1-0"]
[WhiteElo "2232"]
[BlackElo "2112"]
[PlyCount "45"]
[EventDate "2008.07.28"]
[EventType "swiss"]
[EventRounds "9"]
[EventCountry "FRA"]
[SourceTitle "CBM 125 Extra"]
[Source "ChessBase"]
[SourceDate "2008.09.01"]
[SourceVersion "1"]
[SourceVersionDate "2008.09.01"]
[SourceQuality "1"]

1. d4 d5 2. Nf3 Nf6 3. e3 Bg4 4. c4 e6 5. h3 Bh5 6. Qb3 Bxf3 7. gxf3 b6 8. Nc3 Be7 9. Rg1 0-0 10. e4 dxe4 11. fxe4 Qxd4 12. Be3 Qd6 13. f4 e5 14. Rd1 Qe6 15. f5 Qc6 16. c5 Bxc5 17. Bb5 Qb7 18. Nd5 Nxd5 19. Rxd5 c6 20. f6 cxd5 21. Rxg7+ Kh8 22. Qd1 Bxe3 23. Qh5 1-0

[Event "Creon op 9th"]
[Site "Creon"]
[Date "2004.08.06"]
[Round "7"]
[White "Van der Stricht, Geert"]
[Black "Bazart, David"]
[Result "1-0"]
[WhiteElo "2422"]
[BlackElo "2193"]
[PlyCount "49"]
[EventDate "2004.08.02"]
[EventType "swiss"]
[EventRounds "9"]
[EventCountry "FRA"]
[SourceTitle "CBM 101 Extra"]
[Source "ChessBase"]
[SourceDate "2004.09.01"]
[SourceVersion "2"]
[SourceVersionDate "2004.09.01"]
[SourceQuality "1"]

1. d4 Nf6 2. c4 d6 3. Nc3 Nbd7 4. e4 e5 5. Nf3 Be7 6. Be2 0-0 7. 0-0 c6 8. Re1 a6 9. Rb1 b5 10. a3 Re8 11. Bf1 Qc7 12. h3 Bf8 13. d5 cxd5 14. cxd5 Bb7 15. Be3 Rec8 16. Nd2 Nb6 17. Rc1 Qd8 18. b4 Nfd7 19. Nb3 Rab8 20. Na5 f5 21. exf5 Ba8 22. g4 Qe8 23. Bg2 Nc4 24. Nc6 Rb7 25. a4 1-0

[Event "Creon op 9th"]
[Site "Creon"]
[Date "2004.08.05"]
[Round "5"]
[White "Mace, Emmanuel"]
[Black "Bazart, David"]
[Result "0-1"]
[WhiteElo "1958"]
[BlackElo "2193"]
[PlyCount "108"]
[EventDate "2004.08.02"]
[EventType "swiss"]
[EventRounds "9"]
[EventCountry "FRA"]
[SourceTitle "CBM 101 Extra"]
[Source "ChessBase"]
[SourceDate "2004.09.01"]
[SourceVersion "2"]
[SourceVersionDate "2004.09.01"]
[SourceQuality "1"]

1. e4 e5 2. Nf3 Nc6 3. Bb5 a6 4. Ba4 Nf6 5. 0-0 Be7 6. Re1 b5 7. Bb3 0-0 8. h3 d6 9. a3 Bb7 10. d3 Na5 11. Ba2 c5 12. Nc3 Nc6 13. Ne2 h6 14. Ng3 Bc8 15. c3 Re8 16. Nh2 Be6 17. Bxe6 fxe6 18. Ng4 Bf8 19. Nxf6+ Qxf6 20. Qg4 Kh7 21. Re3 d5 22. Rf3 Qg6 23. Qxg6+ Kxg6 24. Kf1 b4 25. axb4 cxb4 26. Ne2 a5 27. g4 a4 28. Ng3 bxc3 29. bxc3 d4 30. Ne2 a3 31. cxd4 Nxd4 32. Nxd4 exd4 33. Ra2 Rec8 34. Bd2 Rcb8 35. Rxf8 Rxf8 36. Ke2 Rfb8 37. Bc1 Rb3 38. f4 Rc8 39. Rxa3 Rc2+ 40. Kf3 Rxa3 41. Bxa3 Rd2 42. f5+ Kf6 43. Bd6 Rxd3+ 44. Kf4 g5+ 45. fxg6 Rd1 46. h4 Kxg6 47. h5+ Kf7 48. e5 Rb1 49. Bc5 d3 50. Ke3 Rg1 51. Kxd3 Rxg4 52. Be3 Kg7 53. Bc5 Rh4 54. Be7 Rxh5 0-1

[Event "FRA-chT2 0304"]
[Site "France"]
[Date "2004.04.04"]
[Round "11"]
[White "Bogdanov, Emil"]
[Black "Bazart, David"]
[Result "1/2-1/2"]
[WhiteElo "2217"]
[BlackElo "2221"]
[PlyCount "98"]
[EventDate "2003.10.??"]
[EventType "team"]
[EventRounds "11"]
[EventCountry "FRA"]
[SourceTitle "EXT 2005"]
[Source "ChessBase"]
[SourceDate "2004.11.15"]
[SourceVersion "1"]
[SourceVersionDate "2004.11.15"]
[SourceQuality "1"]

1. c4 Nf6 2. g3 d6 3. Bg2 e5 4. Nc3 Be7 5. Nf3 c6 6. 0-0 0-0 7. e4 a6 8. d4 Qc7 9. d5 Nbd7 10. Nh4 Re8 11. Be3 cxd5 12. cxd5 b5 13. Nf5 Bf8 14. Rc1 Qb8 15. Qf3 h5 16. h3 g6 17. Nh6+ Bxh6 18. Bxh6 Kh7 19. Bg5 Kg7 20. Rc2 Ra7 21. Rfc1 Rc7 22. a3 Bb7 23. Na2 Rec8 24. Qe2 Nc5 25. Nb4 Nfd7 26. Qd1 f6 27. Be3 a5 28. Nc6 Qa8 29. b4 Nb3 30. Ne7 Nxc1 31. Nxc8 Qxc8 32. Rxc7 Qxc7 33. Qxc1 Qxc1+ 34. Bxc1 axb4 35. axb4 Nb6 36. Bf1 Ba6 37. f3 Kf7 38. Kf2 Ke7 39. h4 Na4 40. Ke3 Nb6 41. Kd2 Nd7 42. Kc3 Nf8 43. Be3 Nh7 44. Kd2 g5 45. Ke1 Kf7 46. Kf2 gxh4 47. gxh4 f5 48. Bb6 Ke7 49. Bh3 Bc8 1/2-1/2

[Event "Creon op 7th"]
[Site "Creon"]
[Date "2002.08.03"]
[Round "8"]
[White "Bazart, David"]
[Black "Mullon, Jean Baptiste"]
[Result "0-1"]
[WhiteElo "2209"]
[BlackElo "2318"]
[PlyCount "38"]
[EventDate "2002.07.29"]
[EventType "swiss"]
[EventRounds "9"]
[EventCountry "FRA"]
[SourceTitle "CBM 089 Extra"]
[Source "ChessBase"]
[SourceDate "2002.09.10"]
[SourceVersion "2"]
[SourceVersionDate "2002.09.10"]
[SourceQuality "1"]

1. d4 d5 2. Nf3 Nf6 3. e3 Bf5 4. b3 e6 5. Bb2 Bd6 6. Be2 0-0 7. 0-0 h6 8. c4 c6 9. Nbd2 Ne4 10. cxd5 exd5 11. Ne5 Nd7 12. Nxe4 Bxe4 13. Nxd7 Qxd7 14. f3 Bg6 15. Bd3 Qe7 16. Qd2 Bxd3 17. Qxd3 Rae8 18. Rae1 Qh4 19. f4 Bxf4 0-1

[Event "FRA-chT2"]
[Site "France"]
[Date "2002.03.09"]
[Round "8"]
[White "Bazart, David"]
[Black "Neiman, Emmanuel"]
[Result "1-0"]
[WhiteElo "2204"]
[BlackElo "2279"]
[PlyCount "151"]
[EventDate "2002.??.??"]
[EventType "team"]
[EventRounds "11"]
[EventCountry "FRA"]
[SourceTitle "EXT 2003"]
[Source "ChessBase"]
[SourceDate "2002.11.25"]
[SourceVersion "1"]
[SourceVersionDate "2002.11.25"]
[SourceQuality "1"]
[WhiteTeam "Bordeaux Echecs II"]
[BlackTeam "Evry"]
[WhiteTeamCountry "FRA"]
[BlackTeamCountry "FRA"]

1. d4 Nf6 2. c4 e6 3. Nc3 d5 4. cxd5 exd5 5. Bg5 Be7 6. Qc2 0-0 7. e3 Nbd7 8. Bd3 Re8 9. Nge2 Nf8 10. 0-0 c6 11. f3 Nh5 12. Bxe7 Qxe7 13. e4 dxe4 14. fxe4 Be6 15. Rf2 Rad8 16. Raf1 Nf6 17. h3 Ng6 18. Na4 Rf8 19. Nc5 Bc8 20. a3 b6 21. Na4 c5 22. d5 Ne5 23. Ng3 Ne8 24. Nc3 Nd6 25. Be2 Qh4 26. Kh2 g6 27. Rf4 Qe7 28. Nb5 Nxb5 29. Bxb5 Rd6 30. Qf2 Kg7 31. b4 cxb4 32. axb4 h5 33. Qd4 Kg8 34. Ne2 g5 35. R4f2 Rg6 36. Ng3 Qd6 37. Kh1 Rh6 38. Nf5 Bxf5 39. Rxf5 f6 40. Be2 Rc8 41. Qd2 Kg7 42. Rc1 Rxc1+ 43. Qxc1 Rh8 44. Qc3 h4 45. Rf1 Rd8 46. Rc1 Rd7 47. Ba6 Re7 48. Bc8 a5 49. bxa5 bxa5 50. Qxa5 Nd3 51. Rf1 Rxe4 52. Bf5 Re3 53. Qd2 Rg3 54. Bxd3 Qxd5 55. Qf2 Qe5 56. Qa7+ Kf8 57. Rb1 Rxd3 58. Rb8+ Qxb8 59. Qxb8+ Kg7 60. Qb7+ Kh6 61. Qa6 Rd1+ 62. Kh2 Kg6 63. Qe2 Rd4 64. Qc2+ Kg7 65. g3 hxg3+ 66. Kxg3 Rf4 67. Qc6 Kf7 68. Qd7+ Kf8 69. Qh7 Rh4 70. Qd7 Kg8 71. Qe7 Rf4 72. Kg2 Kh8 73. Qf7 Rf5 74. Qe8+ Kg7 75. Qd7+ Kg6 76. Qd3 1-0

[Event "FRA-chT2"]
[Site "France"]
[Date "2002.02.??"]
[Round "7"]
[White "Lamoureux, Charles"]
[Black "Bazart, David"]
[Result "1-0"]
[WhiteElo "2386"]
[BlackElo "2204"]
[PlyCount "123"]
[EventDate "2002.??.??"]
[EventType "team"]
[EventRounds "11"]
[EventCountry "FRA"]
[SourceTitle "EXT 2003"]
[Source "ChessBase"]
[SourceDate "2002.11.25"]
[SourceVersion "1"]
[SourceVersionDate "2002.11.25"]
[SourceQuality "1"]

1. e4 e5 2. Nf3 d6 3. d4 Nf6 4. Nc3 Nbd7 5. Bc4 Be7 6. 0-0 0-0 7. Re1 c6 8. a4 Qc7 9. h3 h6 10. b3 Re8 11. Bb2 Bf8 12. Nh4 exd4 13. Qxd4 Ne5 14. Bf1 g5 15. Nf5 Bxf5 16. exf5 Nh5 17. Ne4 Qd8 18. Qd1 Nf6 19. Ng3 Bg7 20. Rb1 Qc7 21. Qd2 Re7 22. h4 gxh4 23. Ne4 d5 24. Nxf6+ Bxf6 25. Bxe5 Rxe5 26. Qxh6 Qe7 27. Rxe5 Qxe5 28. Bd3 Re8 29. Kh1 Qc3 30. Kh2 Qd4 31. Rf1 c5 32. g3 hxg3+ 33. fxg3 Bg7 34. Qg5 Qf6 35. Qh5 Bh6 36. Kg2 Re3 37. Qg4+ Kf8 38. Rf3 Re1 39. Rf1 Re5 40. Rh1 Qc6 41. f6 Qxf6 42. Qc8+ Kg7 43. Qxc5 b6 44. Qc7 Re7 45. Qc8 Qe6 46. Qa8 Rc7 47. Rf1 Qc6 48. Qd8 d4+ 49. Rf3 Rd7 50. Qh4 Rd6 51. Be4 Qd7 52. Rf5 Qe6 53. Qg4+ Kf8 54. Qf3 f6 55. Bd5 Qe7 56. Bc4 Kg7 57. Rh5 Qd7 58. Bd3 a5 59. Kh2 f5 60. Rxf5 Be3 61. Qg4+ Rg6 62. Qxg6+ 1-0

[Event "Creon op 5th"]
[Site "Creon"]
[Date "2000.??.??"]
[Round "8"]
[White "Bazart, David"]
[Black "Olarasu, Gabriela"]
[Result "1/2-1/2"]
[WhiteElo "2140"]
[BlackElo "2373"]
[PlyCount "126"]
[EventDate "2000.07.31"]
[EventType "swiss"]
[EventRounds "9"]
[EventCountry "FRA"]
[SourceTitle "EXT 2001"]
[Source "ChessBase"]
[SourceDate "2000.11.22"]
[SourceVersion "1"]
[SourceVersionDate "2000.11.22"]
[SourceQuality "1"]

1. d4 d5 2. c4 c6 3. Nf3 Nf6 4. Nc3 a6 5. cxd5 cxd5 6. Bf4 Nc6 7. e3 Bg4 8. Be2 e6 9. 0-0 Bd6 10. Bxd6 Qxd6 11. Na4 Nd7 12. Rc1 0-0 13. a3 Rfc8 14. b4 b5 15. Nc5 Nb6 16. Nd2 Bxe2 17. Qxe2 Nc4 18. Nxc4 dxc4 19. Rfd1 h6 20. Qb2 Qe7 21. e4 e5 22. d5 Nd4 23. Rxd4 exd4 24. Qxd4 Qg5 25. Rd1 a5 26. d6 axb4 27. axb4 f6 28. d7 Rd8 29. Ne6 Qe5 30. Qxe5 fxe5 31. Nxd8 Rxd8 32. f3 Kf7 33. Rd5 Ke6 34. Rxb5 Rxd7 35. Rc5 Rd1+ 36. Kf2 Rd2+ 37. Kg3 Rc2 38. Kh3 c3 39. b5 Rb2 40. Rxc3 Rxb5 41. Rc2 Kf6 42. Kg4 g6 43. h4 h5+ 44. Kg3 Rb3 45. Rf2 Ke6 46. Kh3 Re3 47. g4 hxg4+ 48. Kxg4 Re1 49. Rg2 Kf6 50. Kg3 Rh1 51. Rh2 Rg1+ 52. Kf2 Ra1 53. Rh3 Ra2+ 54. Kg3 Ra1 55. h5 gxh5 56. Rxh5 Rg1+ 57. Kh2 Rg8 58. Rf5+ Ke6 59. Kh3 Rh8+ 60. Kg4 Rg8+ 61. Kh5 Rh8+ 62. Kg5 Rg8+ 63. Kh6 Rg3 1/2-1/2

[Event "FRA-chT U20"]
[Site "Pau"]
[Date "2000.??.??"]
[Round "3"]
[White "Guidarelli, Laurent"]
[Black "Bazart, David"]
[Result "1-0"]
[WhiteElo "2359"]
[BlackElo "2076"]
[PlyCount "85"]
[EventDate "2000.??.??"]
[EventType "team-swiss"]
[EventCountry "FRA"]
[SourceTitle "EXT 2001"]
[Source "ChessBase"]
[SourceDate "2000.11.22"]
[SourceVersion "1"]
[SourceVersionDate "2000.11.22"]
[SourceQuality "1"]

1. d4 d5 2. Nf3 Nf6 3. c3 c6 4. Bf4 Bf5 5. Nbd2 Nbd7 6. e3 e6 7. Be2 Be7 8. Ne5 Nxe5 9. Bxe5 0-0 10. g4 Be4 11. Bf3 Bxf3 12. Qxf3 Nd7 13. Bg3 c5 14. h4 cxd4 15. exd4 Re8 16. Kf1 Qb6 17. Rb1 Qa6+ 18. Kg2 Qxa2 19. g5 Qa4 20. Qd3 Qc6 21. f4 f6 22. gxf6 Nxf6 23. Rbe1 Bd6 24. h5 Qc7 25. Rh4 b5 26. Nf3 Rab8 27. Ng5 Qd7 28. h6 g6 29. Kh1 b4 30. Rh2 bxc3 31. bxc3 Nh5 32. Rxh5 gxh5 33. Bh4 Rb7 34. Rg1 Kf8 35. Nh3 Reb8 36. Rg7 Qb5 37. Qxb5 Rxb5 38. Ng5 Rb1+ 39. Kg2 R8b2+ 40. Bf2 Rb7 41. Nxh7+ Ke8 42. Nf6+ Kd8 43. Rg8+ 1-0

[Event "FRA-chT2O 9899"]
[Site "France"]
[Date "1999.01.??"]
[Round "6"]
[White "Bazart, David"]
[Black "Martsynovskaya, Marina"]
[Result "0-1"]
[WhiteElo "2067"]
[BlackElo "2185"]
[PlyCount "120"]
[EventDate "1998.??.??"]
[EventType "team"]
[EventRounds "9"]
[EventCountry "FRA"]
[SourceTitle "EXT 2002"]
[Source "ChessBase"]
[SourceDate "2001.11.25"]
[SourceVersion "1"]
[SourceVersionDate "2001.11.25"]
[SourceQuality "1"]

1. d4 f5 2. g3 Nf6 3. Bg2 d5 4. Nf3 e6 5. Nbd2 Bd6 6. 0-0 Nbd7 7. c4 c6 8. Qc2 0-0 9. b3 Ne4 10. Bb2 Nxd2 11. Qxd2 f4 12. Rae1 g5 13. Ne5 Qe7 14. Qd3 Qg7 15. e4 Bxe5 16. dxe5 dxc4 17. Qxc4 f3 18. Bh1 Nb6 19. Qd3 g4 20. Ba3 Re8 21. Bd6 Nd7 22. Qc3 c5 23. h3 h5 24. hxg4 hxg4 25. Re3 b6 26. Bxf3 gxf3 27. Rxf3 Ba6 28. Re1 Rad8 29. Rf4 Nf8 30. Qf3 Ng6 31. Rf6 Rxd6 32. exd6 Ne5 33. Qh5 Qxf6 34. Qxe8+ Kg7 35. Qe7+ Qxe7 36. dxe7 Nf3+ 37. Kh1 Kf7 38. Re3 Nd4 39. Kg2 Kxe7 40. f4 Bb7 41. Kf2 e5 42. Re1 a5 43. Rh1 Bxe4 44. Re1 Bf5 45. Rxe5+ Kd6 46. Re1 Kc6 47. Rg1 Bg4 48. Ke3 Kb5 49. Rg2 Kb4 50. Kd2 Ka3 51. Kc1 b5 52. Rh2 Ne2+ 53. Kb1 Bf5+ 54. Ka1 Nxg3 55. Rg2 Ne4 56. Rc2 a4 57. bxa4 Kxa4 58. Kb2 c4 59. Rh2 b4 60. Rc2 c3+ 0-1

[Event "Besancon op-A"]
[Site "Besancon"]
[Date "1999.??.??"]
[Round "5"]
[White "Bazart, David"]
[Black "Berges, Daniel"]
[Result "1-0"]
[WhiteElo "2067"]
[BlackElo "2161"]
[PlyCount "102"]
[EventDate "1999.??.??"]
[EventType "swiss"]
[EventRounds "10"]
[EventCountry "FRA"]
[SourceTitle "EXT 2001"]
[Source "ChessBase"]
[SourceDate "2000.11.22"]
[SourceVersion "1"]
[SourceVersionDate "2000.11.22"]
[SourceQuality "1"]

1. d4 d5 2. c4 e6 3. Nc3 c5 4. cxd5 exd5 5. Nf3 Nc6 6. g3 Nf6 7. Bg2 Be7 8. 0-0 0-0 9. Bg5 c4 10. Re1 h6 11. Bxf6 Bxf6 12. Qd2 Bf5 13. b3 cxb3 14. axb3 Re8 15. Rec1 Be4 16. e3 a5 17. Qe2 Nb4 18. Nxe4 Rxe4 19. Ne5 Bxe5 20. Bxe4 dxe4 21. dxe5 Nd3 22. Rd1 Qb6 23. Rxd3 exd3 24. Qxd3 Rc8 25. Qd7 Qc5 26. Ra4 Qc1+ 27. Kg2 b6 28. b4 axb4 29. Rxb4 Qc6+ 30. Qxc6 Rxc6 31. Kf3 Kf8 32. Ke4 Ke7 33. f4 h5 34. Kd5 Rc5+ 35. Kd4 Rc6 36. f5 g6 37. e4 g5 38. Rb2 Kd7 39. Ra2 Rc7 40. Rb2 Rc6 41. Ra2 Rc7 42. Ra8 Rc2 43. Ra7+ Ke8 44. e6 fxe6 45. f6 Rc5 46. Re7+ Kf8 47. Rxe6 Rb5 48. e5 h4 49. Rc6 hxg3 50. hxg3 Ke8 51. e6 Kd8 1-0

[Event "FRA-ch U18"]
[Site "Romans"]
[Date "1999.??.??"]
[Round "?"]
[White "Pucher, Olivier"]
[Black "Bazart, David"]
[Result "1-0"]
[WhiteElo "2164"]
[BlackElo "2067"]
[PlyCount "83"]
[EventDate "1999.04.11"]
[EventType "swiss"]
[EventRounds "9"]
[EventCountry "FRA"]
[SourceTitle "EXT 2000"]
[Source "ChessBase"]
[SourceDate "1999.11.16"]
[SourceVersion "1"]
[SourceVersionDate "1999.11.16"]
[SourceQuality "1"]

1. Nf3 d5 2. c4 c6 3. d4 Nf6 4. Nc3 a6 5. g3 Bf5 6. Bg2 e6 7. Nh4 Bg6 8. 0-0 Nbd7 9. Nxg6 hxg6 10. cxd5 cxd5 11. e4 dxe4 12. Nxe4 Nd5 13. Bg5 N7f6 14. Re1 Bb4 15. Re2 0-0 16. Qb3 a5 17. a3 a4 18. Qc4 Be7 19. Nc5 Bxc5 20. dxc5 Qc7 21. Rc1 Rfd8 22. c6 Ra6 23. cxb7 Qxb7 24. Rec2 Raa8 25. Qh4 Rdc8 26. Rxc8+ Rxc8 27. Rxc8+ Qxc8 28. Qxa4 Qb8 29. Bxf6 gxf6 30. Bxd5 exd5 31. Qd4 Kg7 32. h4 Qc8 33. a4 Qe6 34. b4 Qc6 35. b5 Qc2 36. b6 Qb3 37. Kh2 Qb1 38. a5 Qb5 39. Qd2 d4 40. Qxd4 Qxa5 41. b7 Qb5 42. Qa7 1-0

[Event "FRA-chJM2"]
[Site "Rochefort"]
[Date "1998.??.??"]
[Round "6"]
[White "Bazart, David"]
[Black "Figeac, Aurelien"]
[Result "1-0"]
[WhiteElo "2105"]
[BlackElo "2225"]
[PlyCount "80"]
[EventDate "1998.04.??"]
[EventType "swiss"]
[EventRounds "9"]
[EventCountry "FRA"]
[SourceTitle "EXT 2000"]
[Source "ChessBase"]
[SourceDate "1999.11.16"]
[SourceVersion "1"]
[SourceVersionDate "1999.11.16"]
[SourceQuality "1"]

1. d4 e6 2. c4 Nf6 3. Nc3 Bb4 4. f3 c5 5. d5 b5 6. e4 bxc4 7. Bxc4 Nxd5 8. Bxd5 exd5 9. Qxd5 Nc6 10. Nge2 Ba6 11. Kf2 0-0 12. Be3 Qb6 13. Rab1 d6 14. Rhd1 Rad8 15. a3 Bxc3 16. bxc3 Qc7 17. Nf4 Ne5 18. Qa2 Kh8 19. Qc2 Qc6 20. a4 Bc8 21. Nd5 Rfe8 22. Bg5 Rd7 23. Rb8 f5 24. exf5 c4 25. Nb4 Qc5+ 26. Be3 Nd3+ 27. Rxd3 cxd3 28. Qxd3 Qc7 29. Ra8 a6 30. Nxa6 Qc6 31. Rb8 Rde7 32. Bb6 Bxf5 33. Rxe8+ Rxe8 34. Qb5 Qxb5 35. axb5 Bd3 36. Nc7 Re2+ 37. Kg3 Rb2 38. Bd4 Kg8 39. b6 Bc4 40. Ne8 Kf7 1-0

[Event "FRA-chJM2"]
[Site "Rochefort"]
[Date "1998.??.??"]
[Round "9"]
[White "Bazart, David"]
[Black "Guidarelli, Laurent"]
[Result "1/2-1/2"]
[WhiteElo "2105"]
[BlackElo "2225"]
[PlyCount "82"]
[EventDate "1998.04.??"]
[EventType "swiss"]
[EventRounds "9"]
[EventCountry "FRA"]
[SourceTitle "EXT 2000"]
[Source "ChessBase"]
[SourceDate "1999.11.16"]
[SourceVersion "1"]
[SourceVersionDate "1999.11.16"]
[SourceQuality "1"]

1. d4 Nf6 2. c4 c5 3. d5 a6 4. a4 e5 5. Nc3 d6 6. e4 Be7 7. Nf3 0-0 8. h3 Nbd7 9. g4 Rb8 10. Be3 Qa5 11. Nd2 Kh8 12. Be2 Ne8 13. Nf1 Bh4 14. Ng3 Bxg3 15. fxg3 Ndf6 16. 0-0 Bd7 17. Qc2 Ng8 18. Kg2 Qd8 19. Rab1 g6 20. Bd3 Ng7 21. Rf2 Qc8 22. Rbf1 f6 23. Qb1 h5 24. Rh1 f5 25. gxf5 gxf5 26. exf5 Nxf5 27. Bxf5 Bxf5 28. Qd1 Bg6 29. Rhf1 Rxf2+ 30. Rxf2 Qd7 31. g4 hxg4 32. hxg4 Kg7 33. Qf3 Qe7 34. Ne4 Rf8 35. Qxf8+ Qxf8 36. Rxf8 Bxe4+ 37. Rf3 Kg6 38. Kg3 Bxf3 39. Kxf3 Nh6 40. Bd2 Nf7 41. b4 Kf6 1/2-1/2